A teus pés /
Guardat en:
| Autor principal: | |
|---|---|
| Format: | Llibre |
| Idioma: | Portuguese |
| Publicat: |
São Paulo, Brasil :
Brasiliense,
1988.
|
| Edició: | 4 edición |
| Col·lecció: | Cantadas literárias
|
| Matèries: | |
| Etiquetes: |
Afegir etiqueta
Sense etiquetes, Sigues el primer a etiquetar aquest registre!
|
MARC
| LEADER | 00000cam a2200000 a 4500 | ||
|---|---|---|---|
| 001 | 700665 | ||
| 005 | 20150603135132.0 | ||
| 008 | 881215s1988 br 000 1 por | ||
| 040 | |d CStRLIN |d NNC |d CRU CIICLA | ||
| 082 | |a Br869.1 |b C421t4 | ||
| 090 | |a PQ9698.13.E71 |b A18 1988g | ||
| 100 | 1 | |a Cesar, Ana Cristina. | |
| 245 | 1 | 2 | |a A teus pés / |c Ana Cristina Cesar. |
| 250 | |a 4 edición | ||
| 260 | |a São Paulo, Brasil : |b Brasiliense, |c 1988. | ||
| 300 | |a 119 páginas | ||
| 490 | 1 | |a Cantadas literárias | |
| 650 | 1 | 4 | |a LITERATURA BRASILEÑA |v POESIA |
| 942 | |2 ddc |c BK | ||
| 999 | |c 4261 |d 4261 | ||
